000 00270nam a22001097a 4500
008 170105b xxu||||| |||| 00| 0 eng d
020 _a9780838517796
041 _aeng
080 _27TH
_a618.2
245 _aDRUGS AND NURSING IMPLICATIONS
_cGOVANI & HAYES
942 _2udc
_cBK
999 _c2559
_d2559